Interesting Facts True Or False #9 - Statistics

General Stats
  • This quiz has been taken 25 times
  • The average score is 9 of 15
Answer Stats
Question Answer % Correct
An old-man disguise once helped a fugitive escape authorities for months. True
100%
A three-year-old child was given a 2,500$ ticket in 2012. True
100%
Cats, very rarely, can be allergic to people. True
86%
The horny toad is actually a snake. False
71%
The world's deepest city, Tang Luuk, is 75 feet below ground and is home to 1,500 people. False
71%
A toilet wasn't show in any films until 1996. False
71%
Thousands of people donated over 100,000 to dig a large, pointless hole in the ground. True
71%
'Whatever' is recognized as the most annoying word. True
71%
A giraffe's neck can help it balance on a rope. False
57%
You can use a 24-carat gold toilet for 10 cents. True
57%
There is a garbage can that can take itself out on command. False
43%
The longest game of tag ever played lasted 24 days, spanning over 106 miles. False
43%
The world's smallest zoo is home to a single flea. False
43%
A butterfly and a crocodile pair from Florida are friends. The crocodile will often give the butterfly rides across its territory. False
29%
The moon has Wi-Fi. True
29%
No matching quizzes found
Score Distribution
Percent of People with Each Score
Percentile by Number Answered
Your Score History
You have not taken this quiz